000 00340 a2200157 4500
001 65372
020 _a8501026174
040 _cAnchieta - Pituba
100 _aAndrade, Carlos Drummond de
240 1 0 _aOs dias lindos
_l
245 1 0 _aOs dias lindos
300 _a188
362 0 _a1998
650 4 _aCrônica brasileira
942 _cBK
999 _c65372
_d65372